| 000 | 00671 a2200181 4500 | ||
|---|---|---|---|
| 020 | _a817629084X | ||
| 020 | _a9788176290845 | ||
| 090 |
_c1021 _d1021 |
||
| 100 | 1 | _aGandhi, P.J. | |
| 245 | 1 | 0 |
_aState transport undertakings : _bstructure, growth and performance / _cP.J. Gandhi. |
| 260 |
_a[S.l.] : _bDeep & Deep Publications, _c2002. |
||
| 300 |
_a225 p. ; _c22 cm. |
||
| 500 | _aHardcover. | ||
| 520 | _aWith reference to Tamil Nadu, India. | ||
| 856 | 4 | 0 |
_3Amazon.com _uhttp://www.amazon.com/exec/obidos/ASIN/817629084X/chopaconline-20 |
| 856 | 4 | 0 |
_3Amazon customer reviews _uhttp://www.chopac.org/cgi-bin/tools/azrev.pl?q=817629084X |
| 942 |
_aNBS _cBK _k343.5483 GAN |
||
| 999 |
_c343556 _d343556 |
||